[Event "15MCR_F"]
[Site "?"]
[Date "2001.??.??"]
[Round "?"]
[White "Votypka, Miroslav"]
[Black "Masek, Jan"]
[Result "0-1"]
[WhiteElo "2355"]
[BlackElo "2330"]
[PlyCount "113"]
[EventDate "2001.??.??"]
[EventType "corr"]
[Source "Chess Mail Ltd"]
[SourceDate "2005.07.27"]

1. e4 e5 2. Nf3 Nc6 3. Bb5 a6 4. Ba4 Nf6 5. O-O Be7 6. Re1 b5 7. Bb3 O-O 8. c3
d5 9. exd5 Nxd5 10. Nxe5 Nxe5 11. Rxe5 c6 12. Re1 Bd6 13. d3 Qh4 14. g3 Qh3 15.
Re4 Qd7 16. Nd2 Bb7 17. Re1 c5 18. Ne4 Rae8 19. a4 b4 20. Bd2 bxc3 21. bxc3 Re6
22. Rb1 Rg6 23. Bc4 Be7 24. a5 Kh8 25. Qb3 Ba8 26. f3 f5 27. Nf2 f4 28. g4 Ne3
29. Bxe3 fxe3 30. Rxe3 Bxf3 31. Rxf3 Rxf3 32. Qb7 Qxb7 33. Rxb7 Bd8 34. Rb8 Rf8
35. Kg2 Rgf6 36. Ne4 Bxa5 37. Rxf8+ Rxf8 38. Bxa6 Rb8 39. Kf3 g6 40. h3 Rb1 41.
Bc4 h6 42. Nxc5 Bxc3 43. Ne6 Rh1 44. Kg2 Re1 45. Kf2 Rd1 46. g5 Rd2+ 47. Kg3
Be5+ 48. Kf3 Rh2 49. Ke4 Bg3 50. gxh6 Rxh3 51. d4 Rxh6 52. Kf3 Bd6 53. Ke4 Rh4+
54. Kd5 Bg3 55. Bd3 Rh6 56. Kc6 Kg8 57. Kd7 {Odhad} 0-1

[Event "15MCR_F"]
[Site "?"]
[Date "2001.??.??"]
[Round "?"]
[White "Hybl, Vladislav"]
[Black "Kadlec, Antonin"]
[Result "1/2-1/2"]
[WhiteElo "2240"]
[BlackElo "2375"]
[PlyCount "64"]
[EventDate "2001.??.??"]
[EventType "corr"]
[Source "Chess Mail Ltd"]
[SourceDate "2005.07.27"]

1. e4 e5 2. Nf3 Nc6 3. Bb5 a6 4. Ba4 Nf6 5. O-O Be7 6. Re1 b5 7. Bb3 d6 8. c3
O-O 9. h3 Bb7 10. d4 Re8 11. Nbd2 Bf8 12. a4 h6 13. Bc2 exd4 14. cxd4 Nb4 15.
Bb1 c5 16. d5 Nd7 17. Ra3 c4 18. Nd4 Qf6 19. N2f3 Nd3 20. Bxd3 b4 21. Ra1 cxd3
22. Qxd3 Nc5 23. Qc4 Nxe4 24. Nc6 Nc5 25. Be3 Bxc6 26. dxc6 d5 27. Qxd5 Rad8
28. Bd4 Rxd5 29. Bxf6 Rc8 30. Bd4 Nb3 31. Rad1 Rxc6 32. Rd3 Nxd4 1/2-1/2

[Event "15MCR_F"]
[Site "?"]
[Date "2001.??.??"]
[Round "?"]
[White "Kostal, Jindrich"]
[Black "Kadlec, Antonin"]
[Result "1-0"]
[WhiteElo "2305"]
[BlackElo "2375"]
[PlyCount "77"]
[EventDate "2001.??.??"]
[EventType "corr"]
[Source "Chess Mail Ltd"]
[SourceDate "2005.07.27"]

1. e4 e5 2. Nf3 Nc6 3. Bb5 a6 4. Ba4 Nf6 5. O-O Be7 6. Re1 b5 7. Bb3 d6 8. c3
O-O 9. h3 Bb7 10. d4 Re8 11. Nbd2 Bf8 12. d5 Nb8 13. Nf1 Nbd7 14. N3h2 Nc5 15.
Bc2 c6 16. b4 Ncd7 17. dxc6 Bxc6 18. Ng4 Rc8 19. a4 d5 20. exd5 Nxd5 21. axb5
axb5 22. Qd3 g6 23. Bb3 Nf4 24. Bxf4 exf4 25. Qd4 f3 26. Qf4 Kh8 27. Rxe8 Qxe8
28. Bxf7 Qe7 29. Nfe3 fxg2 30. Bd5 Bxd5 31. Nxd5 Qe6 32. Rd1 Bg7 33. Qe3 Qf7
34. Kxg2 Rf8 35. Rd2 Nb8 36. Ne7 Qe8 37. Ne5 Rf6 38. Ng4 Rf8 39. Rd6 1-0

[Event "15MCR_F"]
[Site "?"]
[Date "2001.??.??"]
[Round "?"]
[White "Kudela, Stanislav"]
[Black "Hybl, Vladislav"]
[Result "0-1"]
[WhiteElo "2440"]
[BlackElo "2240"]
[PlyCount "57"]
[EventDate "2001.??.??"]
[EventType "corr"]
[Source "Chess Mail Ltd"]
[SourceDate "2005.07.27"]

1. e4 e5 2. Nf3 Nc6 3. Bb5 a6 4. Ba4 Nf6 5. O-O Be7 6. Re1 b5 7. Bb3 d6 8. c3
O-O 9. h3 Bb7 10. d4 Re8 11. Nbd2 Bf8 12. a4 h6 13. Bc2 exd4 14. cxd4 Nb4 15.
Bb1 c5 16. d5 Nd7 17. Ra3 f5 18. Nh2 Nf6 19. Rf3 Re5 20. Rxf5 Rxf5 21. exf5
Bxd5 22. Ng4 Bf7 23. Ne4 Nxg4 24. hxg4 d5 25. Nc3 d4 26. Ne4 d3 27. g5 hxg5 28.
Bxg5 Qd4 29. Bd2 {Bily vystoupil z turnaje} 0-1

[Event "15MCR_F"]
[Site "?"]
[Date "2001.??.??"]
[Round "?"]
[White "Omelka, Roman"]
[Black "Kadlec, Antonin"]
[Result "1/2-1/2"]
[WhiteElo "2270"]
[BlackElo "2375"]
[PlyCount "66"]
[EventDate "2001.??.??"]
[EventType "corr"]
[Source "Chess Mail Ltd"]
[SourceDate "2005.07.27"]

1. e4 e5 2. Nf3 Nc6 3. Bb5 a6 4. Ba4 Nf6 5. O-O Be7 6. Re1 b5 7. Bb3 d6 8. c3
O-O 9. h3 Bb7 10. d4 Re8 11. Nbd2 Bf8 12. a4 h6 13. Bc2 exd4 14. cxd4 Nb4 15.
Bb1 c5 16. d5 Nd7 17. Ra3 c4 18. Nd4 Qf6 19. N2f3 Nd3 20. Rxd3 cxd3 21. axb5
axb5 22. Bxd3 Rec8 23. Bxb5 Ne5 24. Qe2 Nxf3+ 25. Nxf3 Ra1 26. Be3 Rxe1+ 27.
Nxe1 Ra8 28. Nd3 Qe7 29. Qf3 Qc7 30. b4 Qc3 31. Qe2 Ba6 32. Bxa6 Rxa6 33. b5
Ra1+ 1/2-1/2

[Event "15MCR_F"]
[Site "?"]
[Date "2001.??.??"]
[Round "?"]
[White "Vaindl, Jaroslav"]
[Black "Kadlec, Antonin"]
[Result "1/2-1/2"]
[WhiteElo "2325"]
[BlackElo "2375"]
[PlyCount "60"]
[EventDate "2001.??.??"]
[EventType "corr"]
[Source "Chess Mail Ltd"]
[SourceDate "2005.07.27"]

1. e4 e5 2. Nf3 Nc6 3. Bb5 a6 4. Ba4 Nf6 5. O-O Be7 6. Re1 b5 7. Bb3 d6 8. c3
O-O 9. h3 Bb7 10. d4 Re8 11. Nbd2 Bf8 12. d5 Nb8 13. Nf1 Nbd7 14. Ng3 Nc5 15.
Bc2 c6 16. b4 Ncd7 17. dxc6 Bxc6 18. Bb3 h6 19. Nh2 Nb6 20. Ng4 Nc4 21. a4 Nxg4
22. Qxg4 Bd7 23. Nf5 Kh7 24. Qf3 Be6 25. axb5 axb5 26. Rxa8 Qxa8 27. Ne3 Nd2
28. Bxd2 Bxb3 29. c4 Qa2 30. Qxf7 Qxd2 1/2-1/2

[Event "15MCR_F"]
[Site "?"]
[Date "2001.??.??"]
[Round "?"]
[White "Votypka, Miroslav"]
[Black "Kadlec, Antonin"]
[Result "1/2-1/2"]
[WhiteElo "2355"]
[BlackElo "2375"]
[PlyCount "77"]
[EventDate "2001.??.??"]
[EventType "corr"]
[Source "Chess Mail Ltd"]
[SourceDate "2005.07.27"]

1. e4 e5 2. Nf3 Nc6 3. Bb5 a6 4. Ba4 Nf6 5. O-O Be7 6. Re1 b5 7. Bb3 d6 8. c3
O-O 9. h3 Bb7 10. d4 Re8 11. Nbd2 Bf8 12. d5 Nb8 13. Nf1 Nbd7 14. Ng3 Nc5 15.
Bc2 c6 16. b4 Ncd7 17. dxc6 Bxc6 18. Bb3 h6 19. Nh2 a5 20. a3 Nb6 21. Ng4 Bd7
22. Nxf6+ Qxf6 23. Be3 Nc4 24. Bxc4 bxc4 25. Qe2 Rec8 26. f3 Be7 27. Nf1 Qg6
28. Kh1 Qe6 29. Bf2 f5 30. Ne3 fxe4 31. fxe4 axb4 32. axb4 Bc6 33. Rxa8 Rxa8
34. Qxc4 Qxc4 35. Nxc4 Ra2 36. Kg1 Kf7 37. Na5 Be8 38. g3 Ke6 39. Bb6 1/2-1/2

[Event "15MCR_F"]
[Site "?"]
[Date "2001.??.??"]
[Round "?"]
[White "Hala, Martin"]
[Black "Kostal, Jindrich"]
[Result "1/2-1/2"]
[WhiteElo "2415"]
[BlackElo "2305"]
[PlyCount "108"]
[EventDate "2001.??.??"]
[EventType "corr"]
[Source "Chess Mail Ltd"]
[SourceDate "2005.07.27"]

1. e4 e5 2. Nf3 Nc6 3. Bb5 a6 4. Ba4 Nf6 5. O-O Be7 6. Re1 b5 7. Bb3 d6 8. c3
O-O 9. h3 Nb8 10. d4 Nbd7 11. Nbd2 Bb7 12. Bc2 c5 13. b3 Re8 14. d5 g6 15. a4
bxa4 16. Rxa4 Nb6 17. Ra1 Nh5 18. Nf1 Bf6 19. Ng3 Nxg3 20. fxg3 Bg7 21. Be3 f5
22. Qd2 fxe4 23. Bxe4 Nd7 24. c4 Bc8 25. Ng5 Nf6 26. Bc2 Qe7 27. g4 Rb8 28. Rf1
Rb6 29. Rf2 Rb8 30. Raf1 Rf8 31. Qe1 Qe8 32. Rf3 Qe7 33. Qh4 Rb7 34. R3f2 Rc7
35. Nf3 Qe8 36. Nd2 Rcf7 37. Bg5 Qd8 38. Kh2 e4 39. Rxf6 Bxf6 40. Rxf6 Rxf6 41.
Nxe4 Kg7 42. Qg3 Qe7 43. Bxf6+ Rxf6 44. g5 Rf8 45. Nxd6 Rd8 46. Qc3+ Kg8 47.
Ne4 Bf5 48. Nf6+ Kf7 49. Bxf5 gxf5 50. h4 h6 51. Nh5 Rg8 52. Ng3 hxg5 53. Nxf5
Qf6 54. Qf3 Qe5+ {Odhad} 1/2-1/2

[Event "15MCR_F"]
[Site "?"]
[Date "2001.??.??"]
[Round "?"]
[White "Hybl, Vladislav"]
[Black "Kostal, Jindrich"]
[Result "1/2-1/2"]
[WhiteElo "2240"]
[BlackElo "2305"]
[PlyCount "80"]
[EventDate "2001.??.??"]
[EventType "corr"]
[Source "Chess Mail Ltd"]
[SourceDate "2005.07.27"]

1. e4 e5 2. Nf3 Nc6 3. Bb5 a6 4. Ba4 Nf6 5. O-O Be7 6. Re1 b5 7. Bb3 d6 8. c3
O-O 9. h3 Nb8 10. d4 Nbd7 11. Nbd2 Bb7 12. Bc2 c5 13. Nf1 cxd4 14. cxd4 exd4
15. Nxd4 Re8 16. Bf4 Rc8 17. Rc1 d5 18. e5 Ne4 19. e6 Ndf6 20. exf7+ Kxf7 21.
Ng3 Nxg3 22. Bxg3 Kg8 23. Bf5 Rxc1 24. Qxc1 Bd6 25. Rxe8+ Nxe8 26. Qc2 h6 27.
Be6+ Kh8 28. Qg6 Bxg3 29. Nf5 Bc8 30. Nxg7 Qg5 31. Qxg5 hxg5 32. fxg3 Kxg7 33.
Bxc8 a5 34. Kf2 Kf6 35. h4 Nd6 36. Bd7 b4 37. h5 Nc4 38. b3 Ne5 39. Bc8 d4 40.
g4 Kg7 1/2-1/2

[Event "15MCR_F"]
[Site "?"]
[Date "2001.??.??"]
[Round "?"]
[White "Kudela, Stanislav"]
[Black "Kostal, Jindrich"]
[Result "0-1"]
[WhiteElo "2440"]
[BlackElo "2305"]
[PlyCount "46"]
[EventDate "2001.??.??"]
[EventType "corr"]
[Source "Chess Mail Ltd"]
[SourceDate "2005.07.27"]

1. e4 e5 2. Nf3 Nc6 3. Bb5 a6 4. Ba4 Nf6 5. O-O Be7 6. Re1 b5 7. Bb3 d6 8. c3
O-O 9. h3 Nb8 10. d4 Nbd7 11. Nbd2 Bb7 12. Bc2 c5 13. Nf1 cxd4 14. cxd4 exd4
15. Nxd4 Re8 16. Bf4 Ne5 17. Ng3 Ng6 18. Bd2 d5 19. e5 Ne4 20. e6 Nxg3 21. Qg4
Bf6 22. exf7+ Kxf7 23. fxg3 Rxe1+ {Bily vystoupil z turnaje} 0-1

[Event "15MCR_F"]
[Site "?"]
[Date "2001.??.??"]
[Round "?"]
[White "Masek, Jan"]
[Black "Kostal, Jindrich"]
[Result "1/2-1/2"]
[WhiteElo "2330"]
[BlackElo "2305"]
[PlyCount "67"]
[EventDate "2001.??.??"]
[EventType "corr"]
[Source "Chess Mail Ltd"]
[SourceDate "2005.07.27"]

1. e4 e5 2. Nf3 Nc6 3. Bb5 a6 4. Ba4 Nf6 5. O-O Be7 6. Re1 b5 7. Bb3 d6 8. c3
O-O 9. h3 Nb8 10. d4 Nbd7 11. Nbd2 Bb7 12. Bc2 Re8 13. Nf1 Bf8 14. Ng3 g6 15.
a4 exd4 16. cxd4 c5 17. Bf4 cxd4 18. axb5 axb5 19. Rxa8 Bxa8 20. Qxd4 Nc5 21.
Bd2 Bg7 22. Qb4 Bc6 23. Bf4 Qa8 24. Nd4 Ncxe4 25. Nxc6 Nxg3 26. Ne7+ Rxe7 27.
Rxe7 Nd5 28. Qxb5 Nxe7 29. Bxg3 Qa1+ 30. Kh2 Qxb2 31. Bb3 Qf6 32. Qb8+ Bf8 33.
Qxd6 Qxd6 34. Bxd6 1/2-1/2

[Event "15MCR_F"]
[Site "?"]
[Date "2001.??.??"]
[Round "?"]
[White "Omelka, Roman"]
[Black "Kostal, Jindrich"]
[Result "1/2-1/2"]
[WhiteElo "2270"]
[BlackElo "2305"]
[PlyCount "96"]
[EventDate "2001.??.??"]
[EventType "corr"]
[Source "Chess Mail Ltd"]
[SourceDate "2005.07.27"]

1. e4 e5 2. Nf3 Nc6 3. Bb5 a6 4. Ba4 Nf6 5. O-O Be7 6. Re1 b5 7. Bb3 O-O 8. c3
d6 9. h3 Nb8 10. d4 Nbd7 11. Nbd2 Bb7 12. Bc2 c5 13. Nf1 cxd4 14. cxd4 exd4 15.
Nxd4 Re8 16. Bf4 Ne5 17. a4 b4 18. Nf5 Bf8 19. N1g3 Rc8 20. Bb3 h6 21. f3 Nfd7
22. Kh2 Nc5 23. Re2 Nxb3 24. Qxb3 Qa5 25. Qd1 Rcd8 26. Rd2 d5 27. Bxe5 Rxe5 28.
f4 Ree8 29. e5 g6 30. Nd4 Bg7 31. Rc1 Rc8 32. Rxc8 Rxc8 33. b3 Rc5 34. Nge2 Qb6
35. g4 Qc7 36. Qf1 Bc8 37. Qf3 Qe7 38. Kg2 Rc7 39. Qd3 Bb7 40. Rd1 Rc8 41. Qd2
a5 42. Qe3 Rc5 43. Rc1 Kh7 44. Rxc5 Qxc5 45. Qd3 Qc8 46. Kg3 Ba6 47. Nb5 Qc5
48. Ned4 Bf8 1/2-1/2

[Event "15MCR_F"]
[Site "?"]
[Date "2001.??.??"]
[Round "?"]
[White "Hybl, Vladislav"]
[Black "Votypka, Miroslav"]
[Result "1-0"]
[WhiteElo "2240"]
[BlackElo "2355"]
[PlyCount "101"]
[EventDate "2001.??.??"]
[EventType "corr"]
[Source "Chess Mail Ltd"]
[SourceDate "2005.07.27"]

1. e4 e5 2. Nf3 Nc6 3. Bb5 a6 4. Ba4 Nf6 5. O-O Be7 6. Re1 b5 7. Bb3 d6 8. c3
O-O 9. h3 Na5 10. Bc2 c5 11. d4 cxd4 12. cxd4 Bb7 13. Nbd2 Rc8 14. Nf1 d5 15.
exd5 exd4 16. Nxd4 Bc5 17. Ne3 Nxd5 18. Ndf5 Nb4 19. Bb1 Qxd1 20. Rxd1 g6 21.
Nh6+ Kg7 22. Bd2 Rfd8 23. Nhg4 f6 24. Bc3 Rxd1+ 25. Nxd1 Be7 26. Nde3 h5 27.
Nh2 Rd8 28. Nhf1 Nbc6 29. Bc2 b4 30. Bd2 Nd4 31. Re1 Nac6 32. Be4 f5 33. Bb1 a5
34. Nc4 Bf6 35. Bf4 Ba6 36. Nfd2 b3 37. Kh2 bxa2 38. Bxa2 Nb4 39. Bb1 Ndc6 40.
g3 Nd5 41. Re6 Bb5 42. Rd6 Nxf4 43. gxf4 h4 44. Rxd8 Bxd8 45. Nd6 Be2 46. Ba2
Be7 47. Ne8+ Kf8 48. Nc7 Bd6 49. Nd5 Nd4 50. Nc4 Ne6 51. Nxd6 1-0

[Event "15MCR_F"]
[Site "?"]
[Date "2001.??.??"]
[Round "?"]
[White "Kostal, Jindrich"]
[Black "Votypka, Miroslav"]
[Result "0-1"]
[WhiteElo "2305"]
[BlackElo "2355"]
[PlyCount "126"]
[EventDate "2001.??.??"]
[EventType "corr"]
[Source "Chess Mail Ltd"]
[SourceDate "2005.07.27"]

1. e4 e5 2. Nf3 Nc6 3. Bb5 a6 4. Ba4 Nf6 5. O-O Be7 6. Re1 b5 7. Bb3 d6 8. c3
O-O 9. h3 Na5 10. Bc2 c5 11. d4 cxd4 12. cxd4 Bb7 13. Nbd2 exd4 14. Nxd4 Re8
15. b3 Bf8 16. Bb2 g6 17. Qf3 Bg7 18. Rac1 Rc8 19. a3 d5 20. exd5 Nxd5 21. Be4
Rxc1 22. Rxc1 f5 23. Bxd5+ Bxd5 24. Qd3 Bb7 25. b4 Qd5 26. N2f3 Nc4 27. Ba1 Qd6
28. Rd1 Rd8 29. Qe2 Bf6 30. Re1 Bxf3 31. Nxf3 Nxa3 32. Bxf6 Qxf6 33. Rd1 Rxd1+
34. Qxd1 Nc4 35. Qd5+ Kg7 36. Nd4 Qe7 37. Ne6+ Kf6 38. Nc5 Qe1+ 39. Kh2 Qe5+
40. Qxe5+ Kxe5 41. Nxa6 Kd4 42. Kg3 Ne5 43. Kf4 h6 44. Nc5 Nc6 45. Ne6+ Kc4 46.
Nf8 Nxb4 47. Nxg6 Nd3+ 48. Ke3 b4 49. Kd2 Nxf2 50. Ne5+ Kd5 51. Nf7 h5 52. Kc2
f4 53. Kb3 Nd3 54. Ng5 Ne1 55. Kxb4 Kd4 56. Ne6+ Ke3 57. Ng7 h4 58. Kc3 Nxg2
59. Nf5+ Ke2 60. Nd4+ Kf2 61. Kd3 Ne1+ 62. Ke4 f3 63. Kf4 Kg2 0-1

[Event "15MCR_F"]
[Site "?"]
[Date "2001.??.??"]
[Round "?"]
[White "Kudela, Stanislav"]
[Black "Kadlec, Antonin"]
[Result "0-1"]
[WhiteElo "2440"]
[BlackElo "2375"]
[PlyCount "42"]
[EventDate "2001.??.??"]
[EventType "corr"]
[Source "Chess Mail Ltd"]
[SourceDate "2005.07.27"]

1. e4 e5 2. Nf3 Nc6 3. Bb5 a6 4. Ba4 Nf6 5. O-O Be7 6. Re1 b5 7. Bb3 d6 8. c3
O-O 9. h3 Bb7 10. d4 Na5 11. Bc2 c5 12. Nbd2 cxd4 13. cxd4 exd4 14. Nxd4 Re8
15. b4 Nc6 16. Nxc6 Bxc6 17. Bb2 Nd7 18. Nb3 Bf6 19. Nd4 Bb7 20. Rb1 g6 21. f4
Qb6 {Bily vystoupil z turnaje.} 0-1

[Event "15MCR_F"]
[Site "?"]
[Date "2001.??.??"]
[Round "?"]
[White "Trexler, Evzen"]
[Black "Votypka, Miroslav"]
[Result "1/2-1/2"]
[WhiteElo "2350"]
[BlackElo "2355"]
[PlyCount "100"]
[EventDate "2001.??.??"]
[EventType "corr"]
[Source "Chess Mail Ltd"]
[SourceDate "2005.07.27"]

1. e4 e5 2. Nf3 Nc6 3. Bb5 a6 4. Ba4 Nf6 5. O-O Be7 6. Re1 b5 7. Bb3 d6 8. c3
O-O 9. h3 Na5 10. Bc2 c5 11. d4 cxd4 12. cxd4 exd4 13. Nxd4 Re8 14. Nc3 Bb7 15.
b3 Rc8 16. Bb2 Bf8 17. Qd2 g6 18. Rad1 Bg7 19. Bb1 b4 20. Nd5 Nxd5 21. exd5
Rxe1+ 22. Rxe1 Rc5 23. Qxb4 Bxd5 24. Qd2 Bb7 25. Bd3 Rg5 26. Be4 Bxe4 27. Rxe4
Re5 28. Re1 Rxe1+ 29. Qxe1 d5 30. Qc3 h6 31. Qc5 Nb7 32. Qc6 Qe7 33. Bc3 Qc5
34. Qxc5 Nxc5 35. Kf1 Ne6 36. Nxe6 fxe6 37. Bxg7 Kxg7 38. Ke2 g5 39. g3 e5 40.
b4 Kf6 41. Ke3 h5 42. f3 Kf5 43. a3 Ke6 44. h4 gxh4 45. gxh4 Kf5 46. a4 Ke6 47.
f4 exf4+ 48. Kxf4 Kd6 49. Kf5 Kd7 50. Kg5 Ke6 1/2-1/2

[Event "15MCR_F"]
[Site "?"]
[Date "2001.??.??"]
[Round "?"]
[White "Vaindl, Jaroslav"]
[Black "Vavrla, Zdenek"]
[Result "1-0"]
[WhiteElo "2325"]
[BlackElo "2320"]
[PlyCount "63"]
[EventDate "2001.??.??"]
[EventType "corr"]
[Source "Chess Mail Ltd"]
[SourceDate "2005.07.27"]

1. e4 e5 2. Nf3 Nc6 3. Bb5 a6 4. Ba4 Nf6 5. O-O Be7 6. Re1 b5 7. Bb3 d6 8. c3
O-O 9. h3 Na5 10. Bc2 c5 11. d4 cxd4 12. cxd4 Bd7 13. dxe5 dxe5 14. Nxe5 Be6
15. Qxd8 Rfxd8 16. Bd2 Rdc8 17. Bd3 b4 18. Be3 Bd6 19. Nf3 Nc6 20. Nbd2 Ne5 21.
Bb1 a5 22. Ng5 Bd7 23. f4 h6 24. Ngf3 Nxf3+ 25. Nxf3 Bc5 26. Kf2 Bxe3+ 27. Kxe3
Rc5 28. Bd3 Rac8 29. g4 g5 30. fxg5 hxg5 31. Kd4 Bc6 32. Kxc5 1-0

[Event "15MCR_F"]
[Site "?"]
[Date "2001.??.??"]
[Round "?"]
[White "Hala, Martin"]
[Black "Kadlec, Antonin"]
[Result "1-0"]
[WhiteElo "2415"]
[BlackElo "2375"]
[PlyCount "81"]
[EventDate "2001.??.??"]
[EventType "corr"]
[Source "Chess Mail Ltd"]
[SourceDate "2005.07.27"]

1. e4 e5 2. Nf3 Nc6 3. Bb5 a6 4. Ba4 Nf6 5. O-O Be7 6. Re1 b5 7. Bb3 d6 8. c3
O-O 9. h3 Na5 10. Bc2 c5 11. d4 Qc7 12. Nbd2 cxd4 13. cxd4 Bd7 14. Nf1 Rfc8 15.
Re2 Nc6 16. Be3 Nb4 17. Bb1 exd4 18. Nxd4 Nc6 19. Ng3 g6 20. a3 Ne5 21. Ba2 Qb7
22. Bg5 Qb6 23. Kh1 Rc7 24. f4 Nc4 25. Qg1 Re8 26. Qf2 Bc8 27. Rd1 Bd8 28. f5
Ng4 29. Qf4 f6 30. Bh6 Nge5 31. Qh4 Nf7 32. fxg6 hxg6 33. Ngf5 Qb7 34. Rd3 Bxf5
35. Nxf5 Re6 36. Qf4 Rd7 37. Nd4 Re5 38. Qg4 Kh7 39. Bd2 Rh5 40. Nf3 Re7 41.
Bc3 1-0

[Event "15MCR_F"]
[Site "?"]
[Date "2001.??.??"]
[Round "?"]
[White "Hala, Martin"]
[Black "Votypka, Miroslav"]
[Result "1/2-1/2"]
[WhiteElo "2415"]
[BlackElo "2355"]
[PlyCount "76"]
[EventDate "2001.??.??"]
[EventType "corr"]
[Source "Chess Mail Ltd"]
[SourceDate "2005.07.27"]

1. e4 e5 2. Nf3 Nc6 3. Bb5 a6 4. Ba4 Nf6 5. O-O Be7 6. Re1 b5 7. Bb3 d6 8. c3
O-O 9. h3 Na5 10. Bc2 c5 11. d4 cxd4 12. cxd4 Bb7 13. d5 Rc8 14. Nbd2 Qc7 15.
Bd3 Nd7 16. Nf1 f5 17. Bg5 Nc5 18. exf5 Nc4 19. Bxc4 bxc4 20. Bxe7 Qxe7 21. Ne3
Nd3 22. Re2 Rc5 23. b3 e4 24. Nd4 Bxd5 25. bxc4 Bxc4 26. Nxc4 Rxc4 27. Qxd3
exd3 28. Rxe7 Rxd4 29. g4 Rc8 30. Rd1 a5 31. a3 a4 32. Kg2 d2 33. Kf3 Kf8 34.
Re3 Kf7 35. Ke2 Rc2 36. f3 Ra2 37. Rc3 Kf6 38. Re3 h6 1/2-1/2

[Event "15MCR_F"]
[Site "?"]
[Date "2001.??.??"]
[Round "?"]
[White "Kudela, Stanislav"]
[Black "Votypka, Miroslav"]
[Result "0-1"]
[WhiteElo "2440"]
[BlackElo "2355"]
[PlyCount "52"]
[EventDate "2001.??.??"]
[EventType "corr"]
[Source "Chess Mail Ltd"]
[SourceDate "2005.07.27"]

1. e4 e5 2. Nf3 Nc6 3. Bb5 a6 4. Ba4 Nf6 5. O-O Be7 6. Re1 b5 7. Bb3 d6 8. c3
O-O 9. h3 Na5 10. Bc2 c5 11. d4 Qc7 12. Nbd2 Rd8 13. Nf1 cxd4 14. cxd4 exd4 15.
Nxd4 d5 16. e5 Ne4 17. Nd2 Bc5 18. N2f3 Bb7 19. Bf4 Rac8 20. Rc1 Qb6 21. Re2
Nc4 22. Bb1 Re8 23. a3 h6 24. Nb3 Bf8 25. Qd4 Qxd4 26. Nbxd4 Bc5 {
Bily vystoupil} 0-1

[Event "15MCR_F"]
[Site "?"]
[Date "2001.??.??"]
[Round "?"]
[White "Omelka, Roman"]
[Black "Votypka, Miroslav"]
[Result "1-0"]
[WhiteElo "2270"]
[BlackElo "2355"]
[PlyCount "89"]
[EventDate "2001.??.??"]
[EventType "corr"]
[Source "Chess Mail Ltd"]
[SourceDate "2005.07.27"]

1. e4 e5 2. Nf3 Nc6 3. Bb5 a6 4. Ba4 Nf6 5. O-O Be7 6. Re1 b5 7. Bb3 O-O 8. c3
d6 9. h3 Na5 10. Bc2 c5 11. d4 cxd4 12. cxd4 Bb7 13. d5 Rc8 14. Nbd2 Qc7 15.
Bb1 Nd7 16. Nf1 f5 17. exf5 Nc4 18. f6 Bxf6 19. Bf5 Kh8 20. Ng3 Ncb6 21. Be6
Rce8 22. Be3 Nc4 23. Rc1 Qd8 24. Ne4 Nxe3 25. Rxe3 Nb6 26. Qd3 Na8 27. h4 g6
28. Qa3 Be7 29. Nfg5 Nc7 30. Rf3 Qb8 31. Nf7+ Kg8 32. Rxc7 Qxc7 33. Nexd6 Qc1+
34. Kh2 Bc8 35. Nh6+ Kh8 36. Rxf8+ Bxf8 37. Qf3 Bxh6 38. Nxe8 Bf4+ 39. g3 Bxe6
40. dxe6 Qc8 41. gxf4 Qxe8 42. f5 Kg8 43. h5 gxf5 44. Qxf5 Qe7 45. h6 1-0

[Event "15MCR_F"]
[Site "?"]
[Date "2001.??.??"]
[Round "?"]
[White "Trexler, Evzen"]
[Black "Vavrla, Zdenek"]
[Result "1-0"]
[WhiteElo "2350"]
[BlackElo "2320"]
[PlyCount "60"]
[EventDate "2001.??.??"]
[EventType "corr"]
[Source "Chess Mail Ltd"]
[SourceDate "2005.07.27"]

1. e4 e5 2. Nf3 Nc6 3. Bb5 a6 4. Ba4 Nf6 5. O-O Be7 6. Re1 b5 7. Bb3 d6 8. c3
O-O 9. h3 Na5 10. Bc2 c5 11. d4 cxd4 12. cxd4 Bb7 13. Nbd2 Rc8 14. d5 Qc7 15.
Bb1 Nd7 16. Nf1 f5 17. exf5 Nc4 18. Nd4 Bxd5 19. Ne6 Bxe6 20. fxe6 Nf6 21. b3
Nb6 22. Bb2 Nbd5 23. Ne3 Qb6 24. Nxd5 Nxd5 25. Qxd5 Qxf2+ 26. Kh2 Qxb2 27. Be4
Kh8 28. Rf1 Rfe8 29. Rad1 Qc3 30. Qb7 Bg5 {Cerny prekrocil cas.} 1-0

[Event "15MCR_F"]
[Site "?"]
[Date "2001.??.??"]
[Round "?"]
[White "Votypka, Miroslav"]
[Black "Vavrla, Zdenek"]
[Result "1/2-1/2"]
[WhiteElo "2355"]
[BlackElo "2320"]
[PlyCount "80"]
[EventDate "2001.??.??"]
[EventType "corr"]
[Source "Chess Mail Ltd"]
[SourceDate "2005.07.27"]

1. e4 e5 2. Nf3 Nc6 3. Bb5 a6 4. Ba4 Nf6 5. O-O Be7 6. Re1 b5 7. Bb3 d6 8. c3
O-O 9. h3 Na5 10. Bc2 c5 11. d4 cxd4 12. cxd4 Bb7 13. Nbd2 Rc8 14. d5 Qc7 15.
Bb1 Nd7 16. Nf1 f5 17. exf5 Nc4 18. Ne3 Kh8 19. a4 bxa4 20. Nxc4 Qxc4 21. Rxa4
Qb5 22. Ra3 Bxd5 23. Ng5 Bxg5 24. Bxg5 Nf6 25. Qd2 Qc6 26. Bxf6 gxf6 27. g4 Bh1
28. Rg3 Bd5 29. Rd3 Bh1 30. f4 Be4 31. Rxd6 Qc5+ 32. Kh2 Bxb1 33. Rxb1 exf4 34.
b4 Qe5 35. Re1 Rc2 36. Rxe5 Rxd2+ 37. Rxd2 fxe5 38. Re2 Re8 39. Re4 Kg7 40. g5
Kf7 {Odhad} 1/2-1/2

[Event "15MCR_F"]
[Site "?"]
[Date "2001.??.??"]
[Round "?"]
[White "Straka, Zdenek"]
[Black "Hybl, Vladislav"]
[Result "1-0"]
[WhiteElo "2355"]
[BlackElo "2240"]
[PlyCount "85"]
[EventDate "2001.??.??"]
[EventType "corr"]
[Source "Chess Mail Ltd"]
[SourceDate "2005.07.27"]

1. Nf3 d5 2. d4 e6 3. Bg5 Be7 4. h4 f6 5. Bf4 Bd6 6. Bxd6 Qxd6 7. Nbd2 Nc6 8.
c4 b6 9. e3 Nge7 10. Rc1 Bb7 11. cxd5 Nxd5 12. a3 O-O 13. Bd3 Rac8 14. Qc2 f5
15. O-O Nb8 16. b4 Nd7 17. e4 Nf4 18. Bc4 fxe4 19. Nxe4 Bxe4 20. Qxe4 Nf6 21.
Qe5 Ng4 22. Qxd6 cxd6 23. Ba6 Rcd8 24. g3 Nh3+ 25. Kg2 Nhxf2 26. Rxf2 Nxf2 27.
Kxf2 h6 28. Ke3 Rf6 29. g4 Rdf8 30. Be2 R6f7 31. g5 Rd7 32. Rc6 Kf7 33. Nd2
hxg5 34. hxg5 Ke7 35. Bg4 Rb7 36. Ne4 Rd8 37. b5 g6 38. a4 Rbb8 39. d5 exd5 40.
Rc7+ Kf8 41. Nf6 Re8+ 42. Kd4 Re7 43. Nd7+ 1-0

[Event "15MCR_F"]
[Site "?"]
[Date "2001.??.??"]
[Round "?"]
[White "Kadlec, Antonin"]
[Black "Doudera, Lubomir"]
[Result "1-0"]
[WhiteElo "2375"]
[BlackElo "2240"]
[PlyCount "61"]
[EventDate "2001.??.??"]
[EventType "corr"]
[Source "Chess Mail Ltd"]
[SourceDate "2005.07.27"]

1. d4 d5 2. Nf3 Nf6 3. c4 c6 4. e3 Bf5 5. cxd5 cxd5 6. Qb3 Qc7 7. Nc3 e6 8. Bd2
Nc6 9. Bb5 Bd6 10. Rc1 Rb8 11. Nh4 Be4 12. f3 Bg6 13. Nxg6 hxg6 14. f4 a6 15.
Bd3 g5 16. Ne2 gxf4 17. exf4 b5 18. Bb1 Qb6 19. Qc3 Rc8 20. O-O g5 21. fxg5
Bxh2+ 22. Kf2 Ng8 23. g3 Nce7 24. Qxc8+ Nxc8 25. Rxc8+ Kd7 26. Rfc1 Qb7 27. Rf8
b4 28. g6 fxg6 29. Bg5 Kd6 30. Bxg6 Qb6 31. Rf7 1-0

[Event "15MCR_F"]
[Site "?"]
[Date "2001.??.??"]
[Round "?"]
[White "Kadlec, Antonin"]
[Black "Foukal, Zdenek"]
[Result "0-1"]
[WhiteElo "2375"]
[BlackElo "2335"]
[PlyCount "82"]
[EventDate "2001.??.??"]
[EventType "corr"]
[Source "Chess Mail Ltd"]
[SourceDate "2005.07.27"]

1. d4 d5 2. Nf3 Nf6 3. c4 c6 4. e3 Bf5 5. cxd5 cxd5 6. Qb3 Qc7 7. Nc3 e6 8. Bd2
Nc6 9. Rc1 Be7 10. Be2 Nd7 11. O-O O-O 12. a3 Rfc8 13. Na4 a6 14. Bb4 Bd8 15.
Rfd1 Bf6 16. Ne1 b6 17. Nd3 Qb7 18. Be1 Rc7 19. g4 Bg6 20. Nf4 Rac8 21. Nc3 b5
22. Nxg6 hxg6 23. f4 Na5 24. Qc2 Nc4 25. Bxc4 Rxc4 26. Qg2 Be7 27. Rc2 a5 28.
Rdc1 b4 29. axb4 axb4 30. Nd1 Rxc2 31. Rxc2 b3 32. Rc3 Rxc3 33. Bxc3 Qa7 34.
Qf1 Nb6 35. Nf2 Nc4 36. Qc1 g5 37. Nd3 Qa6 38. Qe1 Nd6 39. Nc1 gxf4 40. exf4
Ne4 41. Nxb3 Qd3 0-1